Professional Contractors Group (Record no. 119704)

MARC details
000 -LEADER
fixed length control field 00829cam a2200217 4500
001 - CONTROL NUMBER
control field WS109092
008 - FIXED-LENGTH DATA ELEMENTS--GENERAL INFORMATION
fixed length control field 000000n 000 0 eng u
035 ## - SYSTEM CONTROL NUMBER
System control number (Sirsi) u109092
110 ## - MAIN ENTRY--CORPORATE NAME
Corporate name or jurisdiction name as entry element Professional Contractors Group
9 (RLIN) 3956
245 ## - TITLE STATEMENT
Title Professional Contractors Group
520 ## - SUMMARY, ETC.
Summary, etc. Web site for this professional trade organisation set up to represent the interests of all knowledge based workers formed in response to the IR35 proposals.
650 0# - SUBJECT ADDED ENTRY--TOPICAL TERM
Topical term or geographic name entry element IR35
650 ## - SUBJECT ADDED ENTRY--TOPICAL TERM
Topical term or geographic name entry element E-COMMERCE
650 ## - SUBJECT ADDED ENTRY--TOPICAL TERM
Topical term or geographic name entry element Management consultancy
9 (RLIN) 6255
650 0# - SUBJECT ADDED ENTRY--TOPICAL TERM
Topical term or geographic name entry element AGENCY REGULATIONS
650 0# - SUBJECT ADDED ENTRY--TOPICAL TERM
Topical term or geographic name entry element REGULATION OF INVESTIGATORY POWERS BILL
650 ## - SUBJECT ADDED ENTRY--TOPICAL TERM
Topical term or geographic name entry element TAXATION
690 ## - LOCAL SUBJECT ADDED ENTRY--TOPICAL TERM (OCLC, RLIN)
Topical term or geographic name as entry element MANAGEMENT-BUSINESS MANAGEMENT-PROFESSIONAL PRACTICE
856 40 - ELECTRONIC LOCATION AND ACCESS
Uniform Resource Identifier <a href="https://www.pcgroup.org.uk">https://www.pcgroup.org.uk</a>
Public note View the website free of charge at www.pcgroup.org.uk...
942 ## - ADDED ENTRY ELEMENTS (KOHA)
Suppress in OPAC 0
Holdings
Withdrawn status Lost status Source of classification or shelving scheme Damaged status Not for loan Home library Current library Shelving location Date acquired Total Checkouts Full call number Barcode Date last seen Copy number Price effective from Koha item type
    Dewey Decimal Classification     Virtual Virtual Online 02/11/2000   WEB SITE 109092-2001 06/08/2019 1 06/08/2019 Online material